Zliechovské kroje

Zobrazenie: Pohľad v bielom orámovaní na miestne ľudové kroje, vľavo v popredí stú traja muži, jedna žena na koni, vpravo dve ženy a jeden muž na koni, v pozadí ešte niekoľko ľudí, všetky sú oblečení v miestnych ľudových krojoch, uprostred snímky sú ozdobené ihličnany

Bibliographic Details
Format: Postcard
Language:Slovak
PhysicalDescription:1 pohľadnica čiernobiela 9 x 14 cm
Published: Trenčín Foto Tatra [medzi 1919 a 1932?]
Series:Zliechovské kroje
Subjects:

MARC

LEADER 00000nkm a2200000 a 4500
001 vtls011985760
003 SK-MaSNL
005 20260512130054.0
007 kp bo
008 231120q1919 xo g kuslo
015 |a SNBG 
035 |a urn:nbn:sk:snk-km00eipj 
035 |a urn:nbn:sk:snk-km45wrk 
035 |a BEDFAF55-4D30-4688-BF4D-8E0BBBC838D3 
040 |a SNK  |b slo  |c SNK  |e AACR2 
041 0 |a slo 
043 |a e-xo--- 
044 |a xo  |c SK 
072 7 |a 391  |x Odev, móda, ozdoby  |2 konspekt 
080 |a 913(437.6)  |2 2011 
080 |a 351.752.22  |2 2011 
080 |a (084.121)  |2 2011 
080 |a 391  |2 2011 
245 0 0 |a Zliechovské kroje  |h grafika 
260 |a Trenčín  |b Foto Tatra  |c [medzi 1919 a 1932?] 
300 |a 1 pohľadnica  |b čiernobiela  |c 9 x 14 cm 
490 1 |a Zliechovské kroje  |v 201 
500 |a Číslo záberu 18 
500 |a Na adresnej časti pohľadnice je uvedené: "Reprodukčné právo vyhraženo" 
520 8 |a Zobrazenie: Pohľad v bielom orámovaní na miestne ľudové kroje, vľavo v popredí stú traja muži, jedna žena na koni, vpravo dve ženy a jeden muž na koni, v pozadí ešte niekoľko ľudí, všetky sú oblečení v miestnych ľudových krojoch, uprostred snímky sú ozdobené ihličnany 
650 0 7 |a ľudové odevy  |2 SNKPH  |9 85297 
650 0 7 |a zhromaždenia  |2 SNKPH  |9 29611 
651 7 |a Zliechov (Slovensko)  |2 SNKPHgeo  |9 74394 
655 7 |a miestne pohľadnice  |2 SNKPH  |9 70510 
655 7 |a žánrové pohľadnice  |2 SNKPH  |9 70524 
830 0 |a Zliechovské kroje  |9 719563 
852 |a Slovenská národná knižnica 
958 |a GC 
958 |a GBN 
958 |a OND 
958 |a EUIPO 
999 |c 1124039  |d 1125969 
952 |a SNK  |b SNK  |y PREZ  |7 0  |p 17A1380182  |o snkSP 131254  |z Pohľadnica prešla poštou.  |0 0  |1 0  |4 0  |d 2020-08-06  |f 1  |l 0  |r 2026-02-24 18:41:07  |w 2026-02-24